| 000 | 00987cam a22003137a 4500 | ||
|---|---|---|---|
| 003 | CHAP | ||
| 005 | 20220817042712.0 | ||
| 008 | 971013s1979 r 00010 d | ||
| 010 | _a52737 | ||
| 011 | _a53709 | ||
| 035 | _a57859 | ||
| 040 | _cCHAP | ||
| 082 |
_a506.58 _bW67 1979-80 |
||
| 245 | 1 | 4 | _aThe world of learning, 1979-80 |
| 250 | _a30 ed. | ||
| 260 |
_aLondon : _bEuropa Publications, _c1979 |
||
| 300 | _a2 v. | ||
| 590 |
_aBATCH-UPD _b10 _c20130110 _lUCH01 _h1427 |
||
| 590 |
_aBATCH-UPD _b10 _c20130410 _lUCH01 _h0906 |
||
| 590 |
_aBATCH-UPD _b10 _c20130914 _lUCH01 _h1245 |
||
| 590 |
_aCONVERSION _b10 _c20130109 _lUCH01 _h1328 |
||
| 650 | 1 | 4 | _aEducación superior. |
| 650 | 1 | 4 |
_aInstituciones cientÃficas. _958974 |
| 650 | 1 | 4 |
_aInstituciones y sociedades doctas. _958982 |
| 901 | _aBK | ||
| 942 | _cLIBRO | ||
| 949 |
_a506.58 W67 1979-80 _bBC _cC _d33724000618401 _eC _fv.2 _h48490 _i57859 _si |
||
| 949 |
_a506.58 W67 1979-80 _bBC _cC _d33724000618658 _eC _fv.1 _h48489 _i57859 _si |
||
| 999 |
_c52737 _d52737 |
||